000 00560nam a2200181Ia 4500
005 20250423095330.0
008 250422s9999 xx 000 0 und d
020 _a9789784950718
050 _aPS 3566.L27.M35/
100 _aMaiwada, Ahmed
245 0 _aEye rhymes
260 _aIbadan, Nigeria
260 _bMazaraiyya books
260 _c2013
300 _a56 p
650 _aPlath, Sylvia--Criticism and interpretation. Women and literature--United States--History--20th century. Visual perception in literature. Art and literature.
942 _cBK
999 _c29951
_d29951